000 00288nam a2200121Ia 4500
008 170620s9999 xx 000 0 und d
100 _aHUGO - RUSELL
245 0 _aPHARMACETUICAL MICROBIOLOGY
260 _bBLACKWELL
260 _c2003
300 _a510
546 _aEnglish
690 _aPHARMACETUICAL MICROBIOLOGY
999 _c30711
_d30711